000 01286nam a22003257a 4500
005 20170823020002.0
008 920302s1986 gx ab r 00000 spa d
020 _a3443650015
040 _aCO-BoIAVH
_cCO-BoIAVH
041 1 _aspa
041 1 _aeng
043 _as-ck---
082 0 _a574.509861
_bH224s
245 0 3 _aLa Sierra Nevada de Santa Marta (Colombia) :
_btransecto Buritica-La Cumbre /
250 _aeditors Thomas Van der , Pedro M. Ruiz.
260 0 _aBerlin :
_bJ. Cramer,
_cc1986.
300 _a603 p. :
_bil., mapas ;
_c25 cm.
490 _aStudies on tropical andean ecosystems
500 _aResultados de los proyectos Ecoandes y Ecoandino
504 _aIncluye bibliografías.
546 _aTexto en Español e Inglés.
650 7 _aEcosistemas
_zSierra Nevada de Santa Marta (Colombia)
_933668
650 7 _aClimatología
_xInvestigaciones
_zSierra Nevada de Santa Marta (Colombia)
_933669
650 7 _aSuelos
_xInvestigaciones
_zSierra Nevada de Santa Marta (Colombia)
_933670
650 7 _aComunidades de plantas
_zSierra Nevada de Santa Marta (Colombia)
_933671
651 7 _aSierra Nevada de Santa Marta (Colombia)
_9614
700 1 1 _aHammen, Thomas van der,
_d1924- ,
_eed.
_933672
700 1 _aRuiz, Pedro M.,
_eed.
_933673
942 _2ddc
_cLIBRO
_02
999 _c7392
_d7392